Navrhovaná cenotvorba znepokojila farmaceutické firmy

Zmena princípov tvorby cien liekov. Výrobcovia a distribútori túto zmenu odmietajú ako netrhovú. Dve úrovne regulácie súčasného mechanizmu určovania cien liekov. Vládny návrh zásadne mení princíp stanovenia ceny liekov. Spojitosť so zdravotnými poisťovňami. Výška spoluúčasti pacienta v rôznych kraji...

Descrizione completa

Salvato in:
Dettagli Bibliografici
Autore principale: Velecký, Milan
Natura: Capitolo di libro
Lingua:slovacco
Soggetti:
Tags: Aggiungi Tag
Nessun Tag, puoi essere il primo ad aggiungerne!!

MARC

LEADER 00000naa a2200000 4500
001 r047573
005 20230921114729.6
041 0 |a slo 
044 |a SK 
245 1 0 |a Navrhovaná cenotvorba znepokojila farmaceutické firmy  |c Milan Velecký 
520 |a Zmena princípov tvorby cien liekov. Výrobcovia a distribútori túto zmenu odmietajú ako netrhovú. Dve úrovne regulácie súčasného mechanizmu určovania cien liekov. Vládny návrh zásadne mení princíp stanovenia ceny liekov. Spojitosť so zdravotnými poisťovňami. Výška spoluúčasti pacienta v rôznych krajinách Európy. Nové iniciatívy ministerstva zdravotníctva v liekovej politike. 
610 2 0 |a liečivá 
610 2 0 |a ceny 
610 2 0 |a regulácia cenová 
610 2 0 |a tvorba cien 
610 2 0 |a firmy 
610 2 0 |a priemysel farmaceutický 
610 2 0 |a poisťovne zdravotné 
610 2 0 |a Slovensko 
610 2 0 |a Európa 
100 1 |a Velecký, Milan